000 00905nam a22001817a 4500
999 _c61581
_d61581
005 20240326120501.0
008 240326c2004 ge ||||| |||| 00| 0 geo d
022 _a1512-0414
041 _ageo
245 _aარქეოლოგიური ჟურნალი /
_b2004.
_cმთ. რედ. ზ. ბრაგვაძე; აქართველოს კულტურის სამინისტრო აკადემიკოს შ. ამირანაშვილის სახელობის ხელოვნების სახელმწიფო მუზეუმი.
260 _aთბილისი,
_c2000-
300 _aV.
653 _aარქეოლოგია
653 _aისტორია
653 _aპერიოდიკა
700 _aბრაგვაძე, ზ.
_eმთ. რედაქტორი
_918273
942 _2udc
_cCR